ბათუმის შოთა რუსთაველის სახელმწიფო უნივერსიტეტის ბიბლიოთეკა

Конкуренция: анализ, стратегия и практика (ბიბ.ჩანაწერი № 37221)

000 -LEADER
fixed length control field 00689nam a2200229Ia 4500
001 - CONTROL NUMBER
control field 3179
003 - CONTROL NUMBER IDENTIFIER
control field GE_BSU
008 - FIXED-LENGTH DATA ELEMENTS--GENERAL INFORMATION
fixed length control field 181216s||||||||xx |||||||||||||| ||und||
020 ## - INTERNATIONAL STANDARD BOOK NUMBER
International Standard Book Number 5858730094
040 ## - CATALOGING SOURCE
Transcribing agency GE_BSU
080 ## - UNIVERSAL DECIMAL CLASSIFICATION NUMBER
Universal Decimal Classification number 339.1(075.8)
245 ## - TITLE STATEMENT
Title Конкуренция: анализ, стратегия и практика
245 ## - TITLE STATEMENT
Remainder of title ред. А.И. Ковалев
245 ## - TITLE STATEMENT
Statement of responsibility, etc. Азоев Г.Л.
260 ## - PUBLICATION, DISTRIBUTION, ETC.
Place of publication, distribution, etc. Москва
260 ## - PUBLICATION, DISTRIBUTION, ETC.
Name of publisher, distributor, etc. Центр экономики и маркетинга
260 ## - PUBLICATION, DISTRIBUTION, ETC.
Date of publication, distribution, etc. 1996
300 ## - PHYSICAL DESCRIPTION
Extent 208 с. 20 см
653 ## - INDEX TERM--UNCONTROLLED
Uncontrolled term Конкуренция: анализ, стратегия и практика
942 ## - ADDED ENTRY ELEMENTS (KOHA)
Koha item type წიგნი
ეგზემპლარები
Withdrawn status Lost status Damaged status Not for loan Date acquired Barcode Date last seen Price effective from Koha item type Public note
        2018-12-17 8222 2018-12-17 2018-12-17 წიგნი დარბაზი
        2018-12-17 8223 2018-12-17 2018-12-17 წიგნი დარბაზი
        2018-12-17 8224 2018-12-17 2018-12-17 წიგნი დარბაზი